Panel

Gardado en:
Detalles Bibliográficos
Main Authors: Alonso, Pedro Ignacio (Author), Palmarola, Hugo (Author)
Formato: Libro
Idioma:inglés
Publicado: Londres Architectural Association 2014
Edición:1a. ed
Subjects:
Tags: Engadir etiqueta
Sen Etiquetas, Sexa o primeiro en etiquetar este rexistro!

MARC

LEADER 00000cam a2200000 a 4500
001 UCE6953
003 CL-VaPUC
008 150514e20140000uk |||||||||||||||||eng|d
020 |a 9781907896491 
082 0 4 |a 720  |b ALO  |2 21 
100 0 |a Alonso, Pedro Ignacio  |e author  |9 579666 
700 0 |a Palmarola, Hugo  |e author  |9 579667 
245 1 0 |a Panel 
250 |a 1a. ed 
300 |a 261 p 
942 |c BK 
945 |d 20150514 13:01:00  |a arojas 
260 |a Londres  |b Architectural Association  |c 2014 
650 0 |a Arquitectura moderna  |9 265021 
650 7 |a PANELES  |2 CL-VaPUC  |9 266371 
583 |a last modification  |c 20150514 13:01:00  |k Rodrigo Vera 
999 |c 359118  |d 359116 
952 |0 0  |1 0  |3 erd  |4 0  |6 720_000000000000000_ALO_2014  |7 0  |8 A  |9 468153  |a BIBARQ  |b BIBARQ  |i 5149762  |o 720 ALO 2014  |p 5149762  |r 2025-01-20  |w 2019-11-23  |y BK  |z Catalogado en:20150514  |k ARQ